[Event "Mistrzostwa Polski Mlodzikow do lat 10 - Chlopcy"]
[Site "Karpacz"]
[Date "1899-12-30"]
[Round "9.5"]
[White "Kusiak, Mateusz"]
[Black "Karwacki, Piotr"]
[Result "0-1"]
[WhiteTitle "II"]
[BlackTitle "II+"]
[WhiteElo "1221"]
[BlackElo "1536"]

1. e4 c5 2. Nc3 a6 3. g3 b5 4. Bg2 Bb7 5. d3 e6 6. f4 b4 7. Nb1 Nc6 8. Nf3 d5 9.
O-O Be7 10. h3 Nf6 11. e5 Nd7 12. Nbd2 h5 13. c3 a5 14. d4 Qb6 15. Nb1 bxc3 16.
bxc3 Ba6 17. Re1 cxd4 18. cxd4 Rc8 19. Be3 Nb4 20. Na3 Nd3 21. Rb1 Qc7 22. Rb3
Nxe1 23. Qxe1 a4 24. Nb5 Qc2 25. Rc3 Rxc3 26. Nxc3 Bb4 27. Bd2 Bxc3 28. Bxc3 Qxa2
29. Bb4 Qc2 30. Bd6 Qc6 31. Qa5 f6 32. Nh4 Kf7 33. Bf3 g5 34. Bxh5+ Rxh5 35. Qd8
Qc1+ 36. Kh2 Qd2+ 37. Ng2 Bf1 38. Qe7+ Kg6 39. Qe8+ Kf5 40. g4+ Ke4 41. Qg6+ f5
42. Qxf5+ exf5 43. gxh5 Qxg2# 0-1

[Event "Mistrzostwa Polski Mlodzikow do lat 10 - Chlopcy"]
[Site "Karpacz"]
[Date "1899-12-30"]
[Round "9.6"]
[White "Malinowski, Szymon"]
[Black "Krol, Jan"]
[Result "0-1"]
[WhiteTitle "II+"]
[BlackTitle "II"]
[WhiteElo "1360"]
[BlackElo "1206"]

1. d4 Nf6 2. Nf3 e6 3. e3 c5 4. Bd3 Nc6 5. c3 b6 6. Nbd2 Bb7 7. b3 cxd4 8. cxd4
Nb4 9. Qe2 Rc8 10. a3 Nc2+ 11. Bxc2 Rxc2 12. Qd3 Qc8 13. O-O Rc3 14. Qb1 Ba6 15.
Re1 Bd3 16. Qa2 Be7 17. Bb2 Rc2 18. Rac1 Qb7 19. Rxc2 Bxc2 20. a4 O-O 21. Ba3
Bxa3 22. Qxa3 Be4 23. Qd6 Rc8 24. Qe7 h6 25. Nxe4 Qxe4 26. Ne5 Qf5 27. Qxf7+ Kh7
28. Nxd7 Nxd7 29. Qxd7 Rc2 30. Rf1 Rb2 31. Qxa7 Qd3 32. h3 Qxb3 33. Qb7 Qxa4 34.
Qe4+ Kh8 35. Qxe6 Qc2 36. d5 Qb3 37. Qe8+ Kh7 38. d6 Qd5 39. Qb8 b5 40. Qb6 b4
41. f3 Qd2 42. d7 Qxg2# 0-1

[Event "Mistrzostwa Polski Mlodzikow do lat 10 - Chlopcy"]
[Site "Karpacz"]
[Date "1899-12-30"]
[Round "9.7"]
[White "Wiszniewski, Szymon"]
[Black "Herwy, Jakub"]
[Result "1-0"]
[WhiteTitle "II"]
[BlackTitle "II"]
[WhiteElo "1270"]
[BlackElo "1207"]

1. e4 c5 2. Nf3 d6 3. d4 cxd4 4. Nxd4 Nf6 5. Nc3 e5 6. Nb3 h6 7. Be3 Be7 8. f3
Nc6 9. Qd2 O-O 10. g4 a5 11. Na4 Nd7 12. O-O-O Rb8 13. h4 b6 14. g5 h5 15. g6
fxg6 16. Qd5+ Kh7 17. Qxc6 Rxf3 18. Rh3 Bb7 19. Qb5 Bxe4 20. Rxf3 Bxf3 21. Be2
Bxe2 22. Qxe2 Nf6 23. Bg5 Qc7 24. Nc3 Rd8 25. Rg1 Qc6 26. Qd3 Qe8 27. Ne4 Nxe4
28. Qxe4 Bf6 29. Nd2 d5 30. Qe3 Rd6 31. Nf3 d4 32. Qe4 Qc6 33. Bxf6 Qxe4 34. Ng5+
Kh6 35. Nxe4 Rxf6 36. Nxf6 gxf6 37. Kd2 f5 38. c3 dxc3+ 39. bxc3 Kg7 40. Rb1 g5
41. hxg5 Kg6 42. Rxb6+ Kxg5 43. c4 h4 44. c5 h3 45. c6 h2 46. Rb1 h1=Q 47. Rxh1
Kf6 48. c7 Ke7 49. c8=Q Kd6 50. Qa6+ Kd5 51. Qxa5+ Ke4 52. Rh4+ f4 53. Rh5 Kf3
54. Qxe5 Kg2 55. Qe2+ Kg3 56. Qh2+ Kf3 57. Kd3 Kg4 58. Qh3# 1-0

[Event "Mistrzostwa Polski Mlodzikow do lat 10 - Chlopcy"]
[Site "Karpacz"]
[Date "1899-12-30"]
[Round "9.8"]
[White "Kejna, Piotr"]
[Black "Jendrowiak, Maciej"]
[Result "1-0"]
[WhiteTitle "CM"]
[BlackTitle "III"]
[WhiteElo "1441"]
[BlackElo "1143"]

1. e4 e5 2. Nf3 Nc6 3. Bc4 Bc5 4. O-O Nf6 5. d3 h6 6. h3 O-O 7. Re1 Re8 8. c3 d5
9. exd5 Nxd5 10. d4 exd4 11. Rxe8+ Qxe8 12. Bxd5 Ne7 13. cxd4 Bd6 14. Bb3 Nc6
15. Nc3 Kh8 16. Be3 f6 17. Qd2 Qh5 18. Nh2 Na5 19. Bf4 Nxb3 20. axb3 Bf8 21. Bxc7
Qg6 22. Bg3 h5 23. Kh1 Qh7 24. h4 g6 25. Qe2 Bd7 26. Qf3 Bf5 27. Re1 Qg7 28. Nd5
Rd8 29. Nxf6 Qf7 30. Ne4 Re8 31. Be5+ Kg8 32. Ng5 Qd7 33. Rc1 Bh6 34. Rc7 Qxc7
35. Bxc7 Re1+ 36. Nf1 Rxf1+ 37. Kh2 Bxg5 38. hxg5 Re1 39. Qd5+ Be6 40. Qd8+ Kf7
41. Qf6+ Ke8 42. Qxg6+ Bf7 43. Qd6 Be6 44. d5 Bg4 45. g6 Bd7 46. Qf6 Re7 47. Qh8#
1-0

[Event "Mistrzostwa Polski Mlodzikow do lat 10 - Chlopcy"]
[Site "Karpacz"]
[Date "1899-12-30"]
[Round "9.9"]
[White "Jarocki, Gabriel"]
[Black "Adamala, Jacek"]
[Result "0-1"]
[WhiteTitle "II"]
[BlackTitle "II"]
[WhiteElo "1241"]
[BlackElo "1360"]

1. e4 c5 2. a3 d6 3. Nc3 Nf6 4. f4 Nc6 5. Nf3 g6 6. Bb5 Bg7 7. O-O O-O 8. d3 Bg4
9. Ne2 a6 10. Bc4 b5 11. Bb3 Qb6 12. Kh1 a5 13. h3 Bxf3 14. Rxf3 e6 15. f5 d5
16. Ng3 Rad8 17. Qf1 Nd4 18. Rf2 Qd6 19. Bf4 e5 20. Be3 Nxb3 21. cxb3 dxe4 22.
dxe4 Qd3 23. Bxc5 Qxg3 24. Bxf8 Rxf8 25. fxg6 fxg6 26. Rf3 Qg5 27. Qxb5 Nh5 28.
Qd5+ Kh8 29. Rxf8+ Bxf8 30. Qf7 Qf4 31. Qxf4 exf4 32. e5 Kg7 33. Rd1 Kf7 34. Rd5
Ke6 35. Rxa5 Bg7 36. b4 Bxe5 37. b5 Bd4 38. h4 Kf5 39. Ra4 Be3 40. g3 fxg3 41.
Kg2 Bf2 42. Kf3 h6 43. b6 Bxb6 44. Rb4 Bf2 45. Rb5+ Kf6 46. a4 Nf4 47. Rb4 g5
48. Rc4 Kf5 49. a5 g4# 0-1

[Event "Mistrzostwa Polski Mlodzikow do lat 10 - Chlopcy"]
[Site "Karpacz"]
[Date "1899-12-30"]
[Round "9.10"]
[White "Grot, Blazej"]
[Black "Zalega, Maciej"]
[Result "1-0"]
[WhiteTitle "II"]
[BlackTitle "II"]
[WhiteElo "1341"]
[BlackElo "1215"]

1. e4 c5 2. Nf3 e6 3. d4 cxd4 4. Nxd4 Nf6 5. Nc3 d6 6. Be3 a6 7. f3 b5 8. Qd2 b4
9. Nce2 Bb7 10. Qxb4 Qc7 11. Qd2 Nbd7 12. Nc3 Rc8 13. Bd3 d5 14. exd5 Nxd5 15.
Nxd5 Bxd5 16. Bxa6 Ra8 17. Bb5 Bc5 18. c4 Qd6 19. O-O Bb7 20. a3 e5 21. Rad1 exd4
22. Bxd4 O-O 23. Bxd7 Rfd8 24. Bxc5 Qxc5+ 25. Qf2 Qxc4 26. Bg4 Ba6 27. Qb6 Rd5
28. Be6 Qc5+ 29. Qxc5 Rxc5 30. Bd5 Rb8 31. Rfe1 Kf8 32. Bb3 g6 33. Re3 f5 34.
Rd7 Bc4 35. Bxc4 Rxc4 36. Re2 h5 37. Ra7 Rbc8 38. Rb7 Rc1+ 39. Kf2 R8c2 40. Rxc2
Rxc2+ 41. Kg3 f4+ 42. Kh3 g5 43. g3 Rf2 44. Rb3 Ke7 45. a4 fxg3 46. Kxg3 Rf1 47.
a5 Ra1 48. Ra3 Rc1 49. a6 Rc8 50. a7 Ra8 1-0

[Event "Mistrzostwa Polski Mlodzikow do lat 10 - Chlopcy"]
[Site "Karpacz"]
[Date "1899-12-30"]
[Round "9.11"]
[White "Nowak, Filip"]
[Black "Jaskiewicz, Kacper"]
[Result "1-0"]
[WhiteTitle "II"]
[BlackTitle "II"]
[WhiteElo "1389"]
[BlackElo "1213"]

1. e4 c5 2. Nf3 Nc6 3. d4 cxd4 4. Nxd4 a6 5. Nc3 e6 6. Be3 Bb4 7. Qd2 Bxc3 8. Qxc3
Qa5 9. Qxa5 Nxa5 10. O-O-O Ne7 11. f4 Nac6 12. Be2 Rg8 13. Bf3 g6 14. Rd2 f5 15.
e5 Kf7 16. Nb3 Rd8 17. Bb6 Rg8 18. h4 h5 19. c3 Nb8 20. Rhd1 Nec6 21. Nc5 Ke8
22. b4 Rh8 23. Kb2 Rf8 24. a3 Rg8 25. c4 Rg7 26. Kb3 Re7 27. a4 Rg7 28. b5 axb5
29. cxb5 Na5+ 30. Bxa5 Rxa5 31. Bxb7 Bxb7 32. Nxb7 Ra7 33. Nc5 Re7 34. Rd6 Rc7
35. Kb4 Rc8 36. a5 Rc7 37. a6 Ra7 38. Rb6 Ra8 39. Rb7 Kd8 40. a7 Kc8 41. Rxb8+
Rxb8 42. axb8=Q+ Kxb8 43. Rxd7 Re8 44. Rg7 Rd8 45. Rxg6 Rd4+ 46. Ka5 Rd1 47. Kb6
Rd8 48. Rxe6 Ka8 49. Na6 Rd6+ 50. Kc5 1-0

[Event "Mistrzostwa Polski Mlodzikow do lat 10 - Chlopcy"]
[Site "Karpacz"]
[Date "1899-12-30"]
[Round "9.12"]
[White "Baszczynski, Gabriel"]
[Black "Kopaniewski, Wojciech"]
[Result "1-0"]
[WhiteTitle "III"]
[BlackTitle "II"]
[WhiteElo "1059"]
[BlackElo "1370"]

1. e4 e5 2. Nf3 Nc6 3. d4 exd4 4. Nxd4 Bc5 5. Be3 Qf6 6. c3 Nge7 7. g3 d5 8. Bg2
dxe4 9. Bxe4 O-O 10. O-O Bh3 11. Qh5 Bf5 12. Nxf5 1-0

[Event "Mistrzostwa Polski Mlodzikow do lat 10 - Chlopcy"]
[Site "Karpacz"]
[Date "1899-12-30"]
[Round "9.13"]
[White "Krawczyk, Flawian"]
[Black "Kubaszewski, Piotr"]
[Result "1/2-1/2"]
[WhiteTitle "II"]
[BlackTitle "II"]
[WhiteElo "1292"]
[BlackElo "1180"]

1. e4 c5 2. Nf3 d6 3. d4 cxd4 4. Nxd4 Nf6 5. Nc3 a6 6. Be3 e5 7. Nf3 Nc6 8. Qd2
h6 9. O-O-O Be6 10. Kb1 Be7 11. h3 Rc8 12. Be2 Nb4 13. a3 Nc6 14. g4 b5 15. g5
hxg5 16. Nxg5 b4 17. axb4 Nxb4 18. Nxe6 fxe6 19. Na2 Nxa2 20. Kxa2 Nxe4 21. Qd3
Qa5+ 22. Kb1 Nc5 23. Bxc5 Rxc5 24. Qxa6 Qxa6 25. Bxa6 Ra5 26. Bc4 d5 27. Be2 Kf7
28. c3 Ra4 29. Rde1 Rah4 30. Bg4 e4 31. f3 exf3 32. Bxe6+ Kf8 33. Rhf1 Rf4 34.
Bxd5 Rxh3 35. Re3 Rh5 36. Rexf3 Rf6 37. Rxf6+ Bxf6 38. c4 Rh2 39. Ka2 Rxb2+ 40.
Ka3 Rc2 41. Kb4 Ke7 42. Re1+ Kd8 43. Rd1 Kc7 44. Kb3 1/2-1/2

[Event "Mistrzostwa Polski Mlodzikow do lat 10 - Chlopcy"]
[Site "Karpacz"]
[Date "1899-12-30"]
[Round "9.14"]
[White "Rylski, Tadeusz"]
[Black "Grzadka, Artur"]
[Result "1-0"]
[WhiteTitle "II"]
[BlackTitle "II"]
[WhiteElo "1241"]
[BlackElo "1233"]

1. e4 c5 2. Nf3 d6 3. d4 cxd4 4. Nxd4 Nf6 5. Nc3 g6 6. f3 Bg7 7. Be3 Nc6 8. Qd2
O-O 9. Nxc6 bxc6 10. Bh6 Bxh6 11. Qxh6 Be6 12. h4 Qa5 13. g4 Rab8 14. Qc1 Rb6
15. h5 Rfb8 16. hxg6 fxg6 17. Qh6 Rxb2 18. Kd2 Bxg4 19. Bc4+ Kh8 20. fxg4 Nxe4+
21. Kc1 Rxc2+ 22. Kd1 Rd2+ 23. Ke1 Rd1+ 24. Kxd1 Nxc3+ 25. Kc2 Qa4+ 26. Kxc3 Qa3+
27. Bb3 Qc5+ 28. Kd2 Qd4+ 29. Ke2 Qxg4+ 30. Kf2 Qf5+ 31. Ke3 g5 32. Qh3 Qe5+ 33.
Kd2 Qb2+ 34. Bc2 Qd4+ 35. Qd3 Qf4+ 36. Qe3 Qb4+ 37. Qc3+ Qxc3+ 38. Kxc3 Kg7 39.
Rxh7+ Kf6 40. Rf1+ Ke6 41. Rff7 Re8 42. Rfg7 Kf6 43. Rg6+ Ke5 44. Rxg5+ Kf6 45.
Rf5+ Ke6 46. Ra5 Ra8 47. Bb3+ d5 48. Ra6 Kd6 49. Ba4 Rc8 50. Rxa7 d4+ 51. Kxd4
c5+ 52. Kc4 Rc7 53. Rxc7 Kxc7 54. Kxc5 Kb8 55. Kb6 Kc8 56. Rh8# 1-0

[Event "Mistrzostwa Polski Mlodzikow do lat 10 - Chlopcy"]
[Site "Karpacz"]
[Date "1899-12-30"]
[Round "9.15"]
[White "Gromek, Pawel"]
[Black "Wielgus, Wojciech"]
[Result "0-1"]
[WhiteTitle "II"]
[BlackTitle "II"]
[WhiteElo "1231"]
[BlackElo "1440"]

1. d4 Nf6 2. c4 e6 3. Nc3 Bb4 4. Qc2 c5 5. a3 Bxc3+ 6. Qxc3 cxd4 7. Qxd4 Nc6 8.
Qd1 d5 9. e3 O-O 10. cxd5 Nxd5 11. Nf3 Qb6 12. Bd3 Rd8 13. Qc2 h6 14. O-O Bd7
15. b4 Rac8 16. Qe2 Be8 17. Rd1 Nc3 18. Qe1 Nxd1 19. Qxd1 Qb5 20. Bxb5 Rxd1+ 21.
Bf1 Rcd8 22. Bb2 Rxa1 23. Bxa1 Kf8 24. Be2 f6 25. Nd4 Nxd4 26. Bxd4 b6 27. h3
e5 28. Ba1 Rd2 29. Bf3 e4 0-1

[Event "Mistrzostwa Polski Mlodzikow do lat 10 - Chlopcy"]
[Site "Karpacz"]
[Date "1899-12-30"]
[Round "9.16"]
[White "Borowik, Wojciech"]
[Black "Wolski, Michal"]
[Result "1/2-1/2"]
[WhiteTitle "II"]
[BlackTitle "II"]
[WhiteElo "1361"]
[BlackElo "1165"]

1. c4 Nf6 2. Nc3 e5 3. Nf3 Nc6 4. g3 d5 5. cxd5 Nxd5 6. Bg2 Be6 7. O-O Qd7 8. d3
O-O-O 9. Bd2 Bh3 10. Nxd5 Bxg2 11. Nb6+ cxb6 12. Kxg2 Kb8 13. b4 f6 14. b5 Nd4
15. Nxd4 Qxd4 16. a4 h5 17. Qb3 Qd5+ 18. Qxd5 Rxd5 19. Be3 Bc5 20. Kf3 f5 21.
Rac1 Rc8 22. Rc4 Bxe3 23. Rxc8+ Kxc8 24. Kxe3 g5 25. f4 exf4+ 26. gxf4 g4 27.
h4 Kd7 28. d4 a6 29. Rb1 a5 30. Kd3 Rd6 31. Re1 Re6 32. e4 Kd6 33. e5+ Kd5 34.
Rc1 g3 35. Rg1 Rg6 36. Rg2 Rg4 37. Ke3 Rxh4 38. Rxg3 Rg4 39. Rh3 h4 40. Kd3 Rxf4
41. e6 Rxd4+ 42. Kc3 Re4 43. e7 Rxe7 44. Rxh4 Re3+ 45. Kc2 Re4 46. Rh5 Ke5 47.
Rh6 f4 48. Rxb6 f3 49. Rxb7 f2 50. Re7+ Kf6 51. Rxe4 f1=Q 52. Kc3 Qa1+ 53. Kc2
Qa2+ 54. Kc3 Qa3+ 55. Kc2 Qc5+ 56. Kb3 Qd5+ 57. Rc4 Qd3+ 58. Rc3 Qb1+ 59. Kc4
Qe4+ 60. Kb3 Qb4+ 61. Kc2 Qxa4+ 62. Rb3 Qe4+ 63. Kb2 a4 64. Ra3 Qb4+ 65. Ka2 Qc4+
66. Ka1 Qxb5 67. Ka2 Qc4+ 68. Kb2 Qb4+ 69. Ka2 Ke5 70. Re3+ Kd4 71. Rh3 Qd2+ 72.
Ka3 Kc5 73. Rh5+ Kb6 74. Rh4 Qd6+ 75. Kxa4 Qd7+ 76. Kb3 Qf7+ 77. Ka4 Qd7+ 78.
Kb3 Qd5+ 79. Kc3 Qa5+ 80. Kb3 Qd5+ 81. Kc3 Qe5+ 82. Kc4 Qc5+ 83. Kd3 Qd5+ 84.
Rd4 Qb3+ 85. Ke2 Qb2+ 86. Rd2 Qe5+ 87. Kd1 1/2-1/2

[Event "Mistrzostwa Polski Mlodzikow do lat 10 - Chlopcy"]
[Site "Karpacz"]
[Date "1899-12-30"]
[Round "9.17"]
[White "Skrzypinski, Jan"]
[Black "Turowski, Maciej"]
[Result "0-1"]
[WhiteTitle "II"]
[BlackTitle "III"]
[WhiteElo "1088"]
[BlackElo "1259"]

1. e4 c5 2. Nf3 Nc6 3. d4 cxd4 4. Nxd4 Nf6 5. Nc3 e5 6. Ndb5 Bb4 7. Nd6+ Ke7 8.
Nf5+ Kf8 9. Bd3 d5 10. exd5 Nxd5 11. Bd2 Bxc3 12. Bxc3 Nxc3 13. bxc3 Qa5 14. Ne3
Qxc3+ 15. Kf1 g6 16. Nd5 Qa5 17. Qf3 Be6 18. Qf6 Rg8 19. Ne3 Qc3 20. Rd1 Bxa2
21. Ng4 Rd8 22. Re1 Bc4 23. Nh6 Rxd3 24. Qxf7+ Bxf7 25. cxd3 Qxd3+ 26. Kg1 Nd4
27. Nxg8 Ne2+ 28. Kf1 Ng3+ 29. Kg1 Qf1+ 30. Rxf1 Ne2# 0-1

[Event "Mistrzostwa Polski Mlodzikow do lat 10 - Chlopcy"]
[Site "Karpacz"]
[Date "1899-12-30"]
[Round "9.18"]
[White "Musial, Igor"]
[Black "Bartoszczuk, Adam"]
[Result "1/2-1/2"]
[WhiteTitle "II"]
[BlackTitle "III"]
[WhiteElo "1258"]
[BlackElo "1142"]

1. e4 c5 2. Nf3 d6 3. d4 cxd4 4. Nxd4 Nf6 5. Nc3 g6 6. Be3 Bg7 7. f3 O-O 8. Qd2
Nc6 9. Be2 d5 10. exd5 Nxd5 11. Nxc6 bxc6 12. Nxd5 Qxd5 13. Qxd5 cxd5 14. Rb1
Bf5 15. Bd3 Bxd3 16. cxd3 Rfc8 17. O-O a6 18. Rf2 Rc6 19. Kf1 Rac8 20. Re2 e6
21. Ke1 Rc2 22. Rxc2 Rxc2 23. Rc1 Rxc1+ 24. Bxc1 Kf8 25. b3 Ke7 26. Ba3+ Kd7 27.
Kd2 Kc6 28. Be7 Kb5 29. a4+ Kb6 30. Kc2 Bd4 31. b4 Kc6 32. Kb3 Be5 33. h3 Bd6
34. Bxd6 Kxd6 35. Kc3 e5 36. d4 f6 37. dxe5+ fxe5 38. Kd3 h6 39. g3 g5 40. Kc3
h5 41. Kd3 Kc6 42. Ke3 Kb6 43. f4 exf4+ 44. gxf4 g4 45. hxg4 hxg4 46. f5 g3 47.
f6 d4+ 48. Kf3 d3 49. f7 d2 50. Ke2 d1=Q+ 51. Kxd1 g2 1/2-1/2

[Event "Mistrzostwa Polski Mlodzikow do lat 10 - Chlopcy"]
[Site "Karpacz"]
[Date "1899-12-30"]
[Round "9.19"]
[White "Filipiak, Adam"]
[Black "Zieba, Hubert"]
[Result "0-1"]
[WhiteTitle "III"]
[BlackTitle "II"]
[WhiteElo "1160"]
[BlackElo "1171"]

1. d4 Nf6 2. c3 g6 3. Bf4 Bg7 4. e3 O-O 5. Bd3 d6 6. Nf3 b6 7. O-O c5 8. dxc5 bxc5
9. e4 Nfd7 10. Bc4 Nb6 11. Bd5 Nxd5 12. Qxd5 Qb6 13. Qb3 Be6 14. Qxb6 axb6 15.
b3 Bxb3 16. a3 Nc6 17. Rc1 Ra7 18. Nbd2 Be6 19. Rab1 Rb8 20. Ra1 Rbb7 21. Ng5
Bd7 22. Nc4 h6 23. Nf3 Be6 24. Ncd2 g5 25. Bg3 Na5 26. e5 d5 27. h3 Bf5 28. c4
d4 29. Re1 e6 30. Rec1 Ra8 31. Ra2 Rba7 32. Rca1 Nc6 33. Rb2 Rb7 34. Rba2 Bf8
35. Bh2 Be7 36. Bg3 Bd8 37. Bh2 Rba7 38. Bg3 Nb4 0-1

[Event "Mistrzostwa Polski Mlodzikow do lat 10 - Chlopcy"]
[Site "Karpacz"]
[Date "1899-12-30"]
[Round "9.20"]
[White "Wierzbicki, Dawid"]
[Black "Kozera, Dawid"]
[Result "1-0"]
[WhiteTitle "II"]
[BlackTitle "II"]
[WhiteElo "1441"]
[BlackElo "1221"]

1. e4 c5 2. Nc3 Nc6 3. g3 d6 4. Bg2 g6 5. d3 Bg7 6. Be3 e6 7. Qd2 Bd7 8. Nge2 Nd4
9. Nc1 Ne7 10. Nd1 Qb6 11. c3 Ndc6 12. Bh6 O-O 13. h4 f5 14. h5 d5 15. hxg6 hxg6
16. exd5 exd5 17. Bxg7 Kxg7 18. Qh6+ Kf7 19. Qh7+ Ke8 20. Qg7 Qc7 21. Ne3 Be6
22. Rh8 Rxh8 23. Qxh8+ Ng8 24. Bxd5 Qe7 25. Kd2 Kd7 26. Nb3 Re8 27. Bxe6+ Qxe6
28. Nxc5+ Kd6 29. Nxe6 Kxe6 30. Re1 Kd7 31. Qg7+ Nge7 32. Nd5 Kd6 33. Nxe7 Nxe7
34. Qf6+ Kd7 35. Qe6+ Kd8 36. Qd6+ Kc8 37. Rxe7 Rxe7 38. Qxe7 f4 39. gxf4 g5 40.
fxg5 b5 41. g6 b4 42. g7 bxc3+ 43. bxc3 a5 44. g8=R# 1-0

[Event "Mistrzostwa Polski Mlodzikow do lat 10 - Chlopcy"]
[Site "Karpacz"]
[Date "1899-12-30"]
[Round "9.21"]
[White "Pancewicz, Szymon"]
[Black "Borowik, Karol"]
[Result "1-0"]
[WhiteTitle "II"]
[BlackTitle "III"]
[WhiteElo "1421"]
[BlackElo "1016"]

1. e4 e5 2. Nf3 Nc6 3. Bc4 Bc5 4. c3 Bb6 5. d4 Qe7 6. O-O d6 7. Ng5 Nd8 8. Re1
h6 9. Nf3 Bg4 10. Be3 Nf6 11. Qa4+ Bd7 12. Qc2 O-O 13. Nbd2 Ng4 14. Nf1 Nxe3 15.
Nxe3 Bg4 16. Nxg4 Qd7 17. h3 Kh8 18. Qd2 Ne6 19. Bxe6 Qxe6 20. dxe5 dxe5 21. Ngxe5
Rad8 22. Qf4 c6 23. Qf5 Qe7 24. Rad1 Rxd1 25. Rxd1 Qc5 26. Nd4 a5 27. Nd7 Qc4
28. Nxf8 Qxa2 29. Qh7# 1-0

[Event "Mistrzostwa Polski Mlodzikow do lat 10 - Chlopcy"]
[Site "Karpacz"]
[Date "1899-12-30"]
[Round "9.22"]
[White "Klisowski, Bartosz"]
[Black "Seemann, Jakub"]
[Result "0-1"]
[WhiteTitle "II"]
[BlackTitle "II+"]
[WhiteElo "1166"]
[BlackElo "1395"]

1. d4 Nf6 2. c4 e5 3. dxe5 Ng4 4. Nf3 Bc5 5. e3 Nc6 6. Bd2 Ngxe5 7. Nxe5 Nxe5 8.
Nc3 O-O 9. g3 d6 10. h3 Bd7 11. Qe2 Bc6 12. Nd5 b5 13. b3 bxc4 14. bxc4 Bxd5 15.
cxd5 Qf6 16. Bg2 Nf3+ 17. Bxf3 Qxa1+ 18. Qd1 Qxd1+ 19. Bxd1 Rab8 20. Bb3 Bb4 21.
Bxb4 Rxb4 22. O-O a5 23. Rc1 a4 24. Bc4 Rfb8 25. a3 Rb1 26. Rf1 Rxf1+ 27. Kxf1
Rb1+ 28. Ke2 Ra1 29. Kd3 Rxa3+ 30. Kc2 Ra1 31. Kb2 Rh1 32. h4 Rh2 33. Ka3 Rxf2
34. Kxa4 Rf3 35. Kb5 Rxe3 36. Kc6 Rxg3 37. Be2 Rc3+ 38. Kb5 f5 39. h5 f4 40. Bd1
f3 41. Kb4 Re3 42. Bxf3 Rxf3 43. Kb5 g6 44. hxg6 hxg6 45. Kc6 Rc3+ 46. Kd7 g5
47. Ke6 g4 48. Kf5 g3 49. Kf4 g2 50. Ke4 g1=Q 51. Kf5 Rf3+ 52. Ke6 Qg4+ 53. Ke7
Rf7+ 54. Ke8 Qc8# 0-1

[Event "Mistrzostwa Polski Mlodzikow do lat 10 - Chlopcy"]
[Site "Karpacz"]
[Date "1899-12-30"]
[Round "9.23"]
[White "Trzebinski, Patryk"]
[Black "Labedzki, Kamil"]
[Result "0-1"]
[WhiteTitle "II"]
[BlackTitle "II"]
[WhiteElo "1293"]
[BlackElo "1131"]

1. e4 e5 2. Nf3 Nc6 3. d4 exd4 4. Bc4 Nf6 5. O-O Bc5 6. c3 Nxe4 7. Re1 d5 8. Ng5
O-O 9. Rxe4 dxc4 10. Nxh7 Bf5 11. Bg5 Qd5 12. Rh4 Bxh7 13. Qh5 Qf5 14. Rg4 f6
15. Nd2 fxg5 16. Rxg5 Qxf2+ 17. Kh1 Be7 18. Rg3 Qxd2 19. Rg1 Rf5 20. Qg4 Rg5 21.
Qe6+ Kh8 22. Rh3 Rf8 23. Qe4 g6 24. b4 Rf4 25. Qe6 Qxg2+ 26. Rxg2 Rf1+ 27. Rg1
Rfxg1# 0-1

[Event "Mistrzostwa Polski Mlodzikow do lat 10 - Chlopcy"]
[Site "Karpacz"]
[Date "1899-12-30"]
[Round "9.24"]
[White "Sniadecki, Oskar"]
[Black "Podlewski, Szymon"]
[Result "1-0"]
[WhiteTitle "III"]
[BlackTitle "II"]
[WhiteElo "1196"]
[BlackElo "1243"]

1. d4 d5 2. Nf3 e6 3. Bf4 Nf6 4. c4 c5 5. e3 b6 6. Nc3 a6 7. Bd3 dxc4 8. Bxc4 Bb7
9. O-O Be7 10. dxc5 Qxd1 11. Raxd1 Bxf3 12. gxf3 Bxc5 13. Kh1 Nc6 14. Rg1 Nh5
15. Bd6 Na5 16. Be2 Rg8 17. Be5 f6 18. f4 fxe5 19. Bxh5+ g6 20. Bf3 Rb8 21. a3
Nc4 22. Bc6+ Kf8 23. Ne4 Be7 24. fxe5 Nxb2 25. Rd4 Rd8 26. Bd7 b5 27. Rg3 Kg7
28. Bxe6 Rxd4 29. exd4 Rd8 30. d5 Na4 31. Rf3 Kh6 32. d6 Bg5 33. Nxg5 Kxg5 34.
Rf7 Kh6 35. Rd7 Re8 36. Re7 Rd8 37. d7 Ra8 1-0

[Event "Mistrzostwa Polski Mlodzikow do lat 10 - Chlopcy"]
[Site "Karpacz"]
[Date "1899-12-30"]
[Round "9.25"]
[White "Warchol, Kamil"]
[Black "Raclawicki, Tymoteusz"]
[Result "1-0"]
[WhiteTitle "II"]
[BlackTitle "III"]
[WhiteElo "1178"]
[BlackElo "1229"]

1. e4 c5 2. Nf3 Nc6 3. d4 cxd4 4. Nxd4 g6 5. c4 Bg7 6. Be3 Nf6 7. Nc3 O-O 8. Be2
d6 9. O-O Bd7 10. f3 Qb6 11. Qd2 Qc7 12. Rac1 Rac8 13. Nd5 Qa5 14. Nxe7+ Kh8 15.
Qxa5 Nxa5 16. Nxc8 Rxc8 17. Rfd1 Ne8 18. Kf2 Nc6 19. b3 b6 20. Nb5 Bf8 21. Bf4
Nb4 22. a3 Na6 23. Nxd6 Bxd6 24. Bxd6 Nxd6 25. Rxd6 Be6 26. b4 Kg7 27. c5 Nb8
28. c6 Kf6 29. c7 Nd7 30. Ba6 1-0

[Event "Mistrzostwa Polski Mlodzikow do lat 10 - Chlopcy"]
[Site "Karpacz"]
[Date "1899-12-30"]
[Round "9.26"]
[White "Jaworski, Tymon"]
[Black "Iwaszkiewicz, Grzegorz"]
[Result "1/2-1/2"]
[WhiteTitle "II"]
[BlackTitle "II"]
[WhiteElo "1166"]
[BlackElo "1330"]

1. e4 d5 2. exd5 Qxd5 3. Nc3 Qa5 4. d4 Nf6 5. Bd2 Bg4 6. Nf3 c6 7. h3 Bxf3 8. Qxf3
Nbd7 9. a3 e6 10. Qg3 O-O-O 11. Bc4 h6 12. f3 Qc7 13. Bf4 Qb6 14. O-O-O Be7 15.
h4 Nh5 16. Qh2 g5 17. Be3 gxh4 18. Rhe1 Qc7 19. Qxc7+ Kxc7 20. Ne2 Nb6 21. Bb3
Nd5 22. Bxd5 cxd5 23. Rh1 Rdg8 24. Rdg1 f5 25. Rh3 Rg6 26. Nf4 Nxf4 27. Bxf4+
Kd7 28. g3 Rhg8 29. c3 hxg3 30. Rxh6 Rxh6 31. Bxh6 Bg5+ 32. Bxg5 Rxg5 33. Kd2
Kd6 34. Ke3 Rg8 35. f4 Ke7 36. Kf3 Kf6 37. Rxg3 Rxg3+ 38. Kxg3 Kg6 39. b3 b5 40.
b4 Kh5 41. Kh3 a6 42. Kg3 Kg6 43. Kf3 Kh5 44. Kg3 Kg6 45. Kh4 Kh6 1/2-1/2

[Event "Mistrzostwa Polski Mlodzikow do lat 10 - Chlopcy"]
[Site "Karpacz"]
[Date "1899-12-30"]
[Round "9.27"]
[White "Stanik, Szymon"]
[Black "Bartodziej, Bartosz"]
[Result "1-0"]
[WhiteTitle "II"]
[BlackTitle "II"]
[WhiteElo "1053"]
[BlackElo "1263"]

1. e4 c5 2. c4 g6 3. Ne2 Bg7 4. g3 Nc6 5. Bg2 e6 6. d3 Nge7 7. O-O O-O 8. h3 b6
9. Kh2 Bb7 10. f4 Qc7 11. Nbc3 a6 12. Be3 Rfd8 13. a3 Na7 14. b4 d6 15. Rb1 Rd7
16. Qb3 Rb8 17. a4 Rdd8 18. d4 Ba8 19. b5 axb5 20. axb5 Rbc8 21. d5 exd5 22. exd5
Nf5 23. Bf2 Rb8 24. g4 Nd4 25. Nxd4 cxd4 26. Ne2 Rbc8 27. Rbc1 d3 28. Qxd3 Re8
29. Ng3 Bh6 30. g5 Bg7 31. Qa3 Re7 32. h4 Rb8 33. f5 Be5 34. f6 Rd7 35. Qf3 Qb7
36. h5 Rc7 37. Bh3 Nxb5 38. cxb5 Rxc1 39. Rxc1 Qxd5 40. Qxd5 Bxd5 41. Bg2 Bxg2
42. Kxg2 Bf4 43. Rc6 Bxg5 44. Rxd6 Bf4 45. Rxb6 Bxg3 46. Kxg3 Rxb6 47. Bxb6 Kf8
48. Bc7 Ke8 49. b6 Kd7 50. hxg6 hxg6 51. Kg4 1-0

[Event "Mistrzostwa Polski Mlodzikow do lat 10 - Chlopcy"]
[Site "Karpacz"]
[Date "1899-12-30"]
[Round "9.28"]
[White "Wydmanski, Szymon"]
[Black "Leski, Franciszek"]
[Result "1-0"]
[WhiteTitle "II"]
[BlackTitle "III"]
[WhiteElo "1181"]
[BlackElo "1071"]

1. e4 c5 2. Nf3 Nc6 3. d4 cxd4 4. Nxd4 Nf6 5. Nc3 e5 6. Ndb5 Bb4 7. Nd6+ Ke7 8.
Nf5+ Kf8 9. a3 Bxc3+ 10. bxc3 d5 11. Bg5 dxe4 12. Qxd8+ Nxd8 13. Ng3 Nc6 14. Bxf6
gxf6 15. Nxe4 Ke7 16. Bd3 Be6 17. Rf1 Rac8 18. Nc5 Na5 19. Nxe6 fxe6 20. Kd2 Rc7
21. h3 f5 22. f3 Rd8 23. Rae1 Nc4+ 24. Kc1 Nxa3 25. Rxe5 Nc4 26. Bxc4 Rxc4 27.
Rfe1 Rd6 28. Rxf5 Rxc3 29. Rh5 Kd8 30. Rxh7 Kc8 31. h4 Rb6 32. h5 a5 33. h6 Rd6
34. Rh8+ Kd7 35. h7 Rdc6 36. Re2 Rc8 37. Rg8 a4 38. h8=Q Rxg8 39. Qxg8 a3 40.
Qxe6+ Kc7 41. Qe5+ Kd7 42. Rd2+ Kc6 43. Qxc3+ Kb5 44. Rd5+ Kb6 45. Qc5+ Ka6 46.
Qa5# 1-0

[Event "Mistrzostwa Polski Mlodzikow do lat 10 - Chlopcy"]
[Site "Karpacz"]
[Date "1899-12-30"]
[Round "9.30"]
[White "Janeczko, Jakub"]
[Black "Pawlowski, Kamil"]
[Result "0-1"]
[WhiteTitle "II"]
[BlackTitle "III"]
[WhiteElo "1128"]
[BlackElo "1060"]

1. e4 e5 2. Nf3 Nc6 3. d4 exd4 4. Nxd4 Bc5 5. Be3 Qf6 6. c3 b6 7. Bc4 Nge7 8. O-O
O-O 9. Re1 Bb7 10. f3 Ne5 11. Nd2 Nxc4 12. Nxc4 d5 13. Nd2 dxe4 14. Nxe4 Bxe4
15. fxe4 Bd6 16. Bf2 Rad8 17. Qe2 Be5 18. Nf3 Ng6 19. Rad1 Nf4 20. Qe3 Ne6 21.
Bh4 Bf4 22. Qe2 Bg5 23. e5 Qh6 24. g3 Bxh4 25. Nxh4 Qg5 26. Nf3 Qg4 27. Nd4 Qxe2
28. Rxe2 c5 29. Red2 cxd4 30. cxd4 Rd5 31. Kf2 f6 32. Ke3 fxe5 33. dxe5 Rxe5+
0-1